Effect of irrigation, soil and moisture conservation on growth and yield of rubber (Record no. 51565)

MARC details
000 -LEADER
fixed length control field 00550nam a2200145Ia 4500
100 ## - MAIN ENTRY--AUTHOR NAME
Personal name Jessy M.D.
245 #0 - TITLE STATEMENT
Title Effect of irrigation, soil and moisture conservation on growth and yield of rubber
260 ## - PUBLICATION, DISTRIBUTION, ETC. (IMPRINT)
Name of publisher In: Water management for plantation crops: Problems and prospects. (Ed. K.V. Satheesan). Centre for Water Resources Development and Management, Kozhikode, India, pp. 93-96.
Year of publication 1994
650 ## - SUBJECT ADDED ENTRY--TOPICAL TERM
Topical Term Growth
650 ## - SUBJECT ADDED ENTRY--TOPICAL TERM
Topical Term Irrigation
700 ## - ADDED ENTRY--PERSONAL NAME
Personal name George S.
700 ## - ADDED ENTRY--PERSONAL NAME
Personal name Mathew M.
942 ## - ADDED ENTRY ELEMENTS (KOHA)
Koha item type Bibliography STAF
Holdings
Withdrawn status Lost status Damaged status Not for loan Home library Current library Shelving location Date acquired Koha item type
      Bibliography RRII Library RRII Library Soils and agonomy 09/04/2014 Bibliography STAF